000 00264nam a2200097Ia 4500
001 647609
005 20250826153706.0
008 250824s9999 xx 000 0 und d
245 0 _aÇOCUKLUĞUM TOLSTOY ANTİK YENİ
_cTOLSTOY
260 _bANTİK DÜNYA KLASİKLERİ
999 _c647609
_d647609